Asistencia respiratoria mecánica / (Registro nro. 191)

Detalles MARC
000 -LEADER
fixed length control field 01070 am a2200313 a 4500
005 - FECHA ULTIMA MODIFICACION
control field 20240522090619.0
008 - CAMPO DE CONTROL (LIBRO)
fixed length control field 100329s1996||||ag d f |||| 001 0 spa d
020 ## - INTERNATIONAL STANDARD BOOK NUMBER
ISBN 9879517342
041 ## - CODIGO DE IDIOMA
Código de idioma del texto/pista de sonido o título separado spa
092 ## - SIGNATURA TOPOGRAFICA DEWEY LOCAL
número de clasificación 617.028
libristica 10
sección CAM
100 1# - ENTRADA PRINCIPAL--NOMBRE PERSONAL
Nombre personal Cámera, Mario I.
9 (RLIN) 385
245 ## - TITULO PROPIAMENTE DICHO
Título Asistencia respiratoria mecánica /
Mención de responsabilidad y remanente de la transcripción de la portada Mario I. Cámera.
250 ## - MENCION DE EDICION
Mención de edición 1a ed.
260 ## - PIE DE IMPRENTA
Lugar de publicación, distribución, etc Buenos Aires:
Nombre de la editorial, distribuidor, etc Sociedad Argentina de Medicina;
Fecha de publicación 1996.
300 ## - DESCRIPCION FISICA
Extension 341 p.
500 ## - NOTA GENERAL
Nota general Cámera, M. I. et al. (1996). Asistencia respiratoria mecánica. (1a ed.). Buenos Aires : Sociedad Argentina de Medicina.
590 ## - NOTAS LOCALES (RLIN)
Nota local Donación J. M. Alfonso, Mayo 2008
653 ## - TÉRMINO INDIZADO - PALABRAS CLAVES
Palabra clave Ventilación mecánica
653 ## - TÉRMINO INDIZADO - PALABRAS CLAVES
Palabra clave Asistencia respiratoria
653 ## - TÉRMINO INDIZADO - PALABRAS CLAVES
Palabra clave Sindrome de distress respiratorio agudo del adulto
653 ## - TÉRMINO INDIZADO - PALABRAS CLAVES
Palabra clave Traumatismo de tórax
700 1# - ENTRADAS SECUNDARIAS - NOMBRE PERSONAL
Nombre personal González Bernaldo de Quiroz, Fernán.
9 (RLIN) 386
700 1# - ENTRADAS SECUNDARIAS - NOMBRE PERSONAL
Nombre personal Alonzo, Claudia.
9 (RLIN) 387
700 1# - ENTRADAS SECUNDARIAS - NOMBRE PERSONAL
Nombre personal Benito, Salvador
9 (RLIN) 388
700 1# - ENTRADAS SECUNDARIAS - NOMBRE PERSONAL
Nombre personal Gallesio, Antonio
9 (RLIN) 389
700 1# - ENTRADAS SECUNDARIAS - NOMBRE PERSONAL
Nombre personal Cámera, Luis
9 (RLIN) 390
930 ## - NUMERO DE INVENTARIO
Número de inventario 1931
942 ## - ADDED ENTRY ELEMENTS (KOHA)
Source of classification or shelving scheme Dewey Decimal Classification
Item type Libros
Existencias
Estado de retiro Existencia Estado general No para prestamo Ubicación permanente ubicación actual Sala de ubicación Fecha de adquisición Total Checkouts Número de clasificación Código de barras Date last seen Número de ejemplar Price effective from Koha tipo de elemento (item)
        Biblioteca Medicina Biblioteca Medicina Circulación 13/05/2011   617.028 10 CAM 1931 06/11/2014 ej.1 13/05/2011 Libros

UNIVERSIDAD NACIONAL DEL COMAHUE
Biblioteca de la Facultad de Ciencias Médicas
Sede Toschi: Los Arrayanes y Av. Toschi, Cipolletti  - Rio Negro
Sede Los Tordos:  Yrigoyen al 2211, Cipolletti - Rio Negro 

Teléfono: 0299 - 4774707 int 25
Contacto: biblioteca@facimed.uncoma.edu.ar
© 2011 - 2026